| 000 | 01229nam0a22002771 4500 | ||
|---|---|---|---|
| 001 | rc\2371445 | ||
| 005 | 20110829160254.7 | ||
| 035 | _a(NLR Aleph) 006600847 | ||
| 090 |
_a7246170 _c7246170 |
||
| 100 | _a20110829d1976 |||y0rusy50 ca | ||
| 101 | 0 | _arus | |
| 102 | _aRU | ||
| 105 | _ay z ||||| | ||
| 200 | 1 |
_aВлияние форм. организации труда на эффективность использования технических средств в молочном скотоводстве _fМолдНИИ науч.-техн. информации и техн.-экон. исследований Госплана МССР. МолдНИИНТИ |
|
| 210 |
_aКишинев _cБ. и. _d1976 |
||
| 215 |
_a15 с. _d21 |
||
| 225 | 1 | _aЭкспресс-информация | |
| 300 | _aВ конце текста: И.И. Попазов | ||
| 702 | 1 |
_aПопазов _bИ. И. _4220 |
|
| 712 | 0 | 2 |
_aМолдавский НИИ науч.-техн. информации и техн.-экон. исследований _cКишинев _3RU\NLR\AUTH\8810062638 |
| 801 | 0 |
_aRU _bNLR _gpsbo |
|
| 801 | 1 |
_aRU _bELAR _2rusmarc |
|
| 852 |
_aNLR _j76-4/31256 |
||
| 899 |
_aRuMoRGB _jM 76-12/2059 |
||
| 942 | _cBOOK | ||
| 980 | _aNB | ||